[Event "CAN-ch"]
[Site "Toronto"]
[Date "2004.08.29"]
[Round "9"]
[White "Djerkovic, Miladin"]
[Black "Tessier Desrosiers, Olivier"]
[Result "1-0"]
[WhiteElo "2210"]
[BlackElo "2141"]
[PlyCount "62"]
[EventDate "2004.08.20"]
[EventType "swiss"]
[EventRounds "9"]
[EventCountry "CAN"]
[SourceTitle "CBM 101 Extra"]
[Source "ChessBase"]
[SourceDate "2004.09.01"]
[SourceVersion "2"]
[SourceVersionDate "2004.09.01"]
[SourceQuality "1"]

1. e4 c5 2. Nc3 Nc6 3. Nf3 Nf6 4. Bb5 Nd4 5. e5 Nxb5 6. Nxb5 Nd5 7. Ng5 f5 8. 0-0 a6 9. c4 Nb4 10. Nc3 e6 11. d3 Be7 12. Nf3 Nc6 13. Re1 d6 14. Bf4 0-0 15. exd6 Bxd6 16. Bxd6 Qxd6 17. Qe2 Re8 18. Ne5 Bd7 19. Rad1 Rad8 20. Nxc6 Bxc6 21. Qe5 Kf7 22. Qe3 e5 23. Qh3 Qg6 24. Ne2 f4 25. Nc3 f3 26. Ne4 Bxe4 27. dxe4 fxg2 28. Rd5 Qb6 29. Qxh7 Rxd5 30. cxd5 Qxb2 31. Re3 Rf8 1-0

[Event "CAN-ch"]
[Site "Toronto"]
[Date "2004.08.26"]
[Round "7"]
[White "Tessier Desrosiers, Olivier"]
[Black "Masse, Hugues"]
[Result "0-1"]
[WhiteElo "2141"]
[BlackElo "2143"]
[PlyCount "56"]
[EventDate "2004.08.20"]
[EventType "swiss"]
[EventRounds "9"]
[EventCountry "CAN"]
[SourceTitle "CBM 101 Extra"]
[Source "ChessBase"]
[SourceDate "2004.09.01"]
[SourceVersion "2"]
[SourceVersionDate "2004.09.01"]
[SourceQuality "1"]

1. c4 Nf6 2. Nc3 d5 3. cxd5 Nxd5 4. g3 g6 5. Bg2 Nxc3 6. bxc3 Bg7 7. Rb1 Nd7 8. h4 c5 9. Qc2 Qc7 10. d3 Rb8 11. Nh3 b6 12. 0-0 0-0 13. c4 Bb7 14. Bg5 Bxg2 15. Kxg2 Ne5 16. Qd2 Rbd8 17. Rh1 Nxc4 18. Qc1 Ne5 19. h5 Qc6+ 20. f3 Rxd3 21. Ng1 Rd7 22. Bh6 Bxh6 23. Qxh6 Ng4 24. Qg5 Nf6 25. Nh3 Rd5 26. Qf4 Qd6 27. Qc1 Nxh5 28. f4 Rd2 0-1

[Event "CAN-ch"]
[Site "Toronto"]
[Date "2004.08.24"]
[Round "5"]
[White "Tessier Desrosiers, Olivier"]
[Black "Predescu, Sebastian"]
[Result "0-1"]
[WhiteElo "2141"]
[BlackElo "2221"]
[PlyCount "90"]
[EventDate "2004.08.20"]
[EventType "swiss"]
[EventRounds "9"]
[EventCountry "CAN"]
[SourceTitle "CBM 101 Extra"]
[Source "ChessBase"]
[SourceDate "2004.09.01"]
[SourceVersion "2"]
[SourceVersionDate "2004.09.01"]
[SourceQuality "1"]

1. e4 c5 2. Nf3 d6 3. d4 cxd4 4. Nxd4 Nf6 5. Nc3 a6 6. Be2 e5 7. Nb3 Be7 8. 0-0 0-0 9. f4 Nbd7 10. f5 b5 11. a3 Bb7 12. Bf3 Rc8 13. g4 Qb6+ 14. Kh1 Rxc3 15. bxc3 Nxe4 16. Qe1 Ng5 17. Bxg5 Bxg5 18. Qf2 Qxf2 19. Rxf2 e4 20. Bg2 Ne5 21. h3 Rc8 22. Re2 Rxc3 23. a4 g6 24. axb5 axb5 25. Nd4 b4 26. Nb5 Rc6 27. Ra7 Ba6 28. Rxe4 Bxb5 29. Rb7 Rc5 30. Rxb4 Bc6 31. Bxc6 Rxc6 32. Rb2 Kg7 33. fxg6 hxg6 34. R7b6 Rc3 35. R6b3 Rc4 36. Rb4 d5 37. Kg2 d4 38. Rb5 Bf4 39. R5b4 Be3 40. Rb5 Kf6 41. Rb6+ Kg5 42. R6b4 Rc6 43. Rb6 Rxb6 44. Rxb6 d3 45. cxd3 Bxb6 0-1

[Event "Canadian op"]
[Site "Kapuskasing"]
[Date "2004.07.11"]
[Round "2"]
[White "Arencibia Rodriguez, Walter"]
[Black "Tessier Desrosiers, Olivier"]
[Result "1-0"]
[WhiteElo "2531"]
[BlackElo "2141"]
[PlyCount "113"]
[EventDate "2004.07.10"]
[EventType "swiss"]
[EventRounds "10"]
[EventCountry "CAN"]
[SourceTitle "CBM 101 Extra"]
[Source "ChessBase"]
[SourceDate "2004.09.01"]
[SourceVersion "2"]
[SourceVersionDate "2004.09.01"]
[SourceQuality "1"]

1. d4 Nf6 2. c4 c5 3. d5 b5 4. cxb5 a6 5. bxa6 g6 6. Nc3 Bxa6 7. g3 d6 8. Bg2 Bg7 9. Nf3 Nbd7 10. Rb1 Ng4 11. 0-0 0-0 12. Qc2 Qa5 13. Bg5 Rfe8 14. Rfd1 h6 15. Bd2 Reb8 16. b3 Nge5 17. Nh4 Nf8 18. h3 Qa3 19. Kh2 c4 20. Qc1 Qxc1 21. Rdxc1 Ned7 22. b4 Bb5 23. Nf3 Bxc3 24. Bxc3 Rxa2 25. Nd4 e5 26. Nxb5 Rxb5 27. Be1 Nb6 28. e4 f5 29. f3 Nh7 30. Ra1 Re2 31. Ra5 Rxa5 32. bxa5 Nd7 33. Bb4 Ng5 34. exf5 gxf5 35. Kh1 e4 36. fxe4 Nxe4 37. Bxe4 fxe4 38. Bxd6 Ra2 39. Bf4 Rxa5 40. d6 Rc5 41. Bxh6 Kf7 42. Kg2 Ke6 43. Kf2 Kxd6 44. Ke3 Rh5 45. Bf4+ Kc5 46. h4 Nf6 47. Bg5 Nh7 48. g4 Rxg5 49. hxg5 Nxg5 50. Kf4 Nh3+ 51. Kxe4 Nf2+ 52. Kf5 Nxg4 53. Kxg4 Kd4 54. Kf3 Kd3 55. Rd1+ Kc2 56. Ke2 c3 57. Rh1 1-0

[Event "Quebec-ch"]
[Site "Montreal"]
[Date "2004.06.30"]
[Round "6"]
[White "Tessier Desrosiers, Olivier"]
[Black "Berube, Richard"]
[Result "0-1"]
[WhiteElo "2214"]
[BlackElo "2331"]
[PlyCount "84"]
[EventDate "2004.06.??"]
[EventType "tourn"]
[EventRounds "9"]
[EventCountry "CAN"]
[SourceTitle "EXT 2006"]
[Source "ChessBase"]
[SourceDate "2005.11.24"]
[SourceVersion "1"]
[SourceVersionDate "2005.11.24"]
[SourceQuality "1"]

1. e4 c5 2. Nf3 Nc6 3. d4 cxd4 4. Nxd4 Nf6 5. Nc3 e5 6. Ndb5 d6 7. Bg5 a6 8. Na3 b5 9. Bxf6 gxf6 10. Nd5 f5 11. Bd3 Be6 12. Qh5 Rg8 13. f4 Rxg2 14. 0-0-0 Rc8 15. Qf3 Rg4 16. Rhe1 Nd4 17. Qe3 Bh6 18. Kb1 Bxd5 19. exd5 Rxf4 20. c3 Nf3 21. Rf1 Nh4 22. Rg1 Ng6 23. Bxf5 Rb8 24. Nc2 Qb6 25. Qh3 Rh4 26. Qg2 Bf4 27. h3 a5 28. Ne1 Be3 29. Bxg6 hxg6 30. Nf3 Rh5 31. Rgf1 b4 32. c4 b3 33. a3 Qc5 34. Qg4 a4 35. Nh4 Rg5 36. Qf3 Bf4 37. Qe4 Kf8 38. Rxf4 exf4 39. Nf3 Rf5 40. Re1 Kg7 41. Rg1 Qe3 42. Qxf5 Qxg1+ 0-1

[Event "Quebec-ch"]
[Site "Montreal"]
[Date "2004.06.27"]
[Round "3"]
[White "Lawson, Eric"]
[Black "Tessier Desrosiers, Olivier"]
[Result "1-0"]
[WhiteElo "2359"]
[BlackElo "2214"]
[PlyCount "119"]
[EventDate "2004.06.??"]
[EventType "tourn"]
[EventRounds "9"]
[EventCountry "CAN"]
[SourceTitle "EXT 2006"]
[Source "ChessBase"]
[SourceDate "2005.11.24"]
[SourceVersion "1"]
[SourceVersionDate "2005.11.24"]
[SourceQuality "1"]

1. e4 c5 2. Nc3 Nc6 3. f4 g6 4. Nf3 Bg7 5. Bc4 e6 6. d3 Nge7 7. 0-0 0-0 8. Qe1 Nd4 9. Qf2 Rb8 10. Bb3 b5 11. Be3 Nxf3+ 12. Qxf3 c4 13. dxc4 bxc4 14. Bxc4 Rxb2 15. e5 Rxc2 16. Rac1 Rxc1 17. Rxc1 d5 18. exd6 Qxd6 19. Nb5 Qb4 20. Bxa7 Bb2 21. Rc2 Ba6 22. Qb3 Qe1+ 23. Bf1 Bf6 24. Bf2 Qe4 25. Rc4 Qf5 26. Ra4 Bxb5 27. Qxb5 Nd5 28. h3 Rd8 29. Rc4 e5 30. g4 Qe6 31. Rc6 Qe7 32. Bc5 Qe8 33. Bc4 exf4 34. Bf2 Nc3 35. Qb7 Be5 36. Rc5 Rb8 37. Rxe5 Qxe5 38. Qxf7+ Kh8 39. g5 Qxg5+ 40. Kh2 Qe5 41. Qe6 Qxe6 42. Bd4+ Kg8 43. Bxe6+ Kf8 44. Bxc3 Re8 45. Bd5 Re2+ 46. Kg1 Ke7 47. a4 Kd6 48. Bf3 Ra2 49. a5 Kc5 50. Bb7 f3 51. Be1 Kd4 52. Bf2+ Kd3 53. Bb6 Ke2 54. Ba6+ Ke1 55. Bf1 Rd2 56. a6 Ra2 57. a7 g5 58. Bc4 g4 59. Bxa2 g3 60. Bc4 1-0

[Event "Quebec-ch"]
[Site "Montreal"]
[Date "2004.06.26"]
[Round "2"]
[White "Tessier Desrosiers, Olivier"]
[Black "Feoktistov, Dmitri"]
[Result "1-0"]
[WhiteElo "2214"]
[BlackElo "2272"]
[PlyCount "65"]
[EventDate "2004.06.??"]
[EventType "tourn"]
[EventRounds "9"]
[EventCountry "CAN"]
[SourceTitle "EXT 2006"]
[Source "ChessBase"]
[SourceDate "2005.11.24"]
[SourceVersion "1"]
[SourceVersionDate "2005.11.24"]
[SourceQuality "1"]

1. e4 c6 2. d4 d5 3. exd5 cxd5 4. c4 Nf6 5. Nc3 Nc6 6. Bg5 Be6 7. a3 Qd7 8. Bxf6 gxf6 9. c5 Bg4 10. f3 Bf5 11. Bb5 0-0-0 12. Nge2 e5 13. b4 Bh6 14. Kf2 Rhe8 15. Re1 Be3+ 16. Kxe3 exd4+ 17. Kf2 dxc3 18. Nd4 c2 19. Qd2 Re5 20. a4 Qc7 21. Bxc6 bxc6 22. b5 cxb5 23. Nxf5 Rxf5 24. Qxc2 Rf4 25. axb5 Rc4 26. Qf5+ Kb8 27. c6 Qxh2 28. Re7 Qh4+ 29. Ke2 Qd4 30. Rb7+ Ka8 31. Raxa7+ Qxa7 32. Rxa7+ Kxa7 33. Qd7+ 1-0

[Event "Quebec-ch sf"]
[Site "Montreal"]
[Date "2004.06.20"]
[Round "4"]
[White "Tessier Desrosiers, Olivier"]
[Black "Charbonneau, Anne Marie"]
[Result "1-0"]
[WhiteElo "2173"]
[BlackElo "2086"]
[PlyCount "85"]
[EventDate "2004.06.??"]
[EventType "swiss"]
[EventRounds "5"]
[EventCountry "CAN"]
[SourceTitle "EXT 2006"]
[Source "ChessBase"]
[SourceDate "2005.11.24"]
[SourceVersion "1"]
[SourceVersionDate "2005.11.24"]
[SourceQuality "1"]

1. e4 c5 2. Nf3 e6 3. d4 cxd4 4. Nxd4 Nf6 5. Nc3 d6 6. g4 h6 7. Rg1 Be7 8. Be3 Nc6 9. Be2 a6 10. Qd2 Qc7 11. 0-0-0 b6 12. h4 Bb7 13. g5 hxg5 14. hxg5 Nxd4 15. Qxd4 e5 16. Qd3 Nd7 17. Nd5 Bxd5 18. Qxd5 Rc8 19. c3 Nc5 20. Rh1 Rxh1 21. Rxh1 Qc6 22. Rh8+ Bf8 23. Qxc6+ Rxc6 24. Bc4 b5 25. Bd5 Rc7 26. Kd2 Ke7 27. f4 exf4 28. Bxf4 Rd7 29. g6 f6 30. Bc6 Rd8 31. Rh2 Ne6 32. Be3 Nc5 33. Ke2 Ne6 34. Rh5 Rb8 35. Bd5 Rd8 36. Bb7 Nc7 37. Rh8 Rb8 38. Bc6 Ne6 39. Kf3 Nc5 40. Bh6 Rb6 41. Bxg7 Ne6 42. Bxf8+ Nxf8 43. g7 1-0